000 00715nam a22002177a 4500
003 UA-OsUOA
001 812
007 ta
008 20050706b un ||||| |||| 00| 0 ukr d
090 _a930.2
942 _cBK
040 _aUA-OsUOA
_brus
_cUA-OsUOA
_dUA-OsUOA
245 _aИсточниковедческое изучение памятников письменной культуры
_bСборник научных трудов
300 _a176 с.
955 _a1
041 _arus
080 _a930.2
260 _aРівне
_bПубличная библ-ка
_c1984
650 7 _a930 Історична наука. Допоміжні історичні дисципліни
_2UDC
999 _c286977
_d286977